000 00414nam a2200169Ia 4500
001 8456
003 IN-NITTTR
005 20251114233038.0
008 251113s9999||||xx |||||||||||||| ||eng||
040 _beng
040 _cIN-NITTTR
041 _aeng
082 _a621.38173 H649A
100 _aHnatek, Eugene R.
245 0 _aApplications of linear integrated circuits. /
_cHnatek, Eugene R.
942 _2ddc
_cBK
999 _c11094
_d11094